[Event "FIDE World Senior Team Championship 2020"]
[Site "Olympik hotel, Sokolovska 138,"]
[Date "2020.03.12"]
[Round "7.22"]
[White "Schroeter, Reinhard"]
[Black "Gallinnisova, Vaclava"]
[Result "0-1"]
[WhiteElo "1738"]
[BlackElo "2027"]
[PlyCount "78"]
[EventDate "2020.03.06"]
[WhiteTeam "GER11"]
[BlackTeam "CZEW2"]

1. d4 d5 2. Nf3 e6 3. c4 Nf6 4. Nc3 Be7 5. Bf4 c6 6. e3 O-O 7. Bd3 dxc4 8. Bxc4
Nd5 9. Bg3 Nd7 10. O-O Nxc3 11. bxc3 b5 12. Bd3 Bb7 13. c4 bxc4 14. Bxc4 c5 15.
Qe2 cxd4 16. Nxd4 Nb6 17. Bb3 Bh4 18. Qg4 Bxg3 19. Qxg3 Qe7 20. Rac1 Rac8 21.
Nb5 Ba6 22. Qd6 Qg5 23. Nxa7 Bxf1 24. Rxf1 Rb8 25. Nc6 Rb7 26. Nd4 Qe7 27. Qe5
Nd7 28. Qe4 Nc5 29. Qe5 Nxb3 30. axb3 Qc7 31. Qe4 e5 32. Nf5 Rxb3 33. Qg4 f6
34. Qd1 Rbb8 35. Qd5+ Qf7 36. Qc6 Rfc8 37. Qf3 Rd8 38. Qc6 Qd7 39. Qc5 Qxf5 0-1

[Event "FIDE World Senior Team Championship 2020"]
[Site "Olympik hotel, Sokolovska 138,"]
[Date "2020.03.12"]
[Round "7.22"]
[White "Havlickova, Lenka"]
[Black "Mueggenburg, Rolf"]
[Result "1/2-1/2"]
[WhiteElo "1895"]
[BlackElo "1666"]
[PlyCount "46"]
[EventDate "2020.03.06"]
[WhiteTeam "CZEW2"]
[BlackTeam "GER11"]

1. d4 Nf6 2. Nf3 d6 3. h3 b6 4. Bf4 Bb7 5. e3 Nbd7 6. Nc3 Qc8 7. Bb5 Nd5 8.
Nxd5 Bxd5 9. O-O a6 10. Be2 b5 11. Nd2 f5 12. c4 bxc4 13. Bxc4 Qb7 14. Bxd5
Qxd5 15. Qb3 Qxb3 16. Nxb3 e5 17. dxe5 dxe5 18. Bg3 Bd6 19. f3 Rb8 20. Rab1 O-O
21. Rfd1 Rb5 22. Nd2 Nb6 23. b3 Nd5 1/2-1/2

[Event "FIDE World Senior Team Championship 2020"]
[Site "Olympik hotel, Sokolovska 138,"]
[Date "2020.03.12"]
[Round "7.23"]
[White "Janacek, Jaroslav"]
[Black "Ortoft, Kai"]
[Result "1-0"]
[WhiteElo "2056"]
[BlackElo "1972"]
[PlyCount "131"]
[EventDate "2020.03.06"]
[WhiteTeam "CZE15"]
[BlackTeam "NOR1"]

1. e4 d6 2. Nc3 e5 3. f4 c6 4. Nf3 Nd7 5. Bc4 Be7 6. d3 Ngf6 7. a4 a5 8. O-O
O-O 9. Kh1 Qc7 10. fxe5 Nxe5 11. Nxe5 dxe5 12. h3 Qd6 13. Qf3 Be6 14. Bxe6 Qxe6
15. b3 Nd7 16. Ne2 Rfe8 17. Bd2 Nf8 18. Ng3 Ng6 19. Nf5 Bf8 20. Qg4 Kh8 21. Rf3
Ne7 22. Ne3 Qxg4 23. hxg4 f6 24. Nc4 Nc8 25. Nxa5 Nd6 26. b4 Red8 27. Nb3 h6
28. Rff1 Kg8 29. g3 Kf7 30. g5 hxg5 31. Bxg5 Ne8 32. Bd2 Nc7 33. Kg2 Ne6 34.
Bc3 Ke7 35. Rfb1 Kd7 36. Nd2 Bd6 37. b5 cxb5 38. Rxb5 Ra7 39. Nc4 Bc5 40. Rab1
Rxa4 41. Rxb7+ Ke8 42. Rh1 Rd7 43. Rh8+ Ke7 44. Rbb8 Ra2 45. Rhe8+ Kf7 46. Bb2
Bd4 47. Rec8 Bxb2 48. Rxb2 Rxb2 49. Nxb2 Ra7 50. Nc4 Ra2 51. Nd6+ Ke7 52. Nf5+
Kd7 53. Rc4 g6 54. Ne3 Nd4 55. Kf2 Ke6 56. g4 Kd6 57. Ke1 Ra1+ 58. Kd2 Nf3+ 59.
Kc3 Nh2 60. Rb4 Kc6 61. Kc4 Re1 62. Nd5 Nxg4 63. Rb6+ Kd7 64. Nxf6+ Nxf6 65.
Rxf6 Rg1 66. Kd5 1-0

[Event "FIDE World Senior Team Championship 2020"]
[Site "Olympik hotel, Sokolovska 138,"]
[Date "2020.03.12"]
[Round "7.23"]
[White "Hermansen, Henning W."]
[Black "Korinkova, Eva"]
[Result "1/2-1/2"]
[WhiteElo "1921"]
[BlackElo "1811"]
[PlyCount "36"]
[EventDate "2020.03.06"]
[WhiteTeam "NOR1"]
[BlackTeam "CZE15"]

1. d4 Nf6 2. Bg5 d5 3. Nd2 c6 4. e3 Nbd7 5. Ngf3 Qa5 6. c3 Ne4 7. Bf4 Ndf6 8.
Bd3 Bf5 9. Nb3 Qb6 10. O-O e6 11. Qe2 Bd6 12. Ne5 Bc7 13. f3 Nd6 14. Bg5 Bxd3
15. Qxd3 O-O-O 16. Ng4 Nde8 17. Ne5 Nd6 18. Ng4 Nde8 1/2-1/2

[Event "FIDE World Senior Team Championship 2020"]
[Site "Olympik hotel, Sokolovska 138,"]
[Date "2020.03.12"]
[Round "7.23"]
[White "Oburka, Vladislav"]
[Black "Jenssen, Ove S"]
[Result "1/2-1/2"]
[WhiteElo "1759"]
[BlackElo "1812"]
[PlyCount "122"]
[EventDate "2020.03.06"]
[WhiteTeam "CZE15"]
[BlackTeam "NOR1"]

1. e4 e6 2. d4 d5 3. Nd2 c5 4. exd5 exd5 5. Ngf3 Nf6 6. Bb5+ Bd7 7. Qe2+ Be7 8.
dxc5 O-O 9. O-O Bxc5 10. Bxd7 Nbxd7 11. Nb3 Bd6 12. Bg5 Re8 13. Qd1 Qc7 14.
Nbd4 Qb6 15. Rb1 Rac8 16. c3 Bb8 17. Nf5 Ne4 18. Be3 Qe6 19. Ng3 Nxg3 20. hxg3
Bxg3 21. Bxa7 Bf4 22. Re1 Qc6 23. Bd4 Rxe1+ 24. Qxe1 Nf8 25. Qf1 Re8 26. Re1
Rxe1 27. Qxe1 Qe6 28. Be5 Bxe5 29. Qxe5 Qxe5 30. Nxe5 f6 31. Nf3 Ne6 32. Kf1
Kf7 33. g3 Nc5 34. Ne1 Ne4 35. Ke2 h5 36. Nd3 g5 37. Kf3 Ke6 38. Kg2 Kd6 39. f3
Nd2 40. Kf2 f5 41. Ke2 Nc4 42. f4 gxf4 43. gxf4 b6 44. b3 Na3 45. Ne5 Nb5 46.
c4 Nc3+ 47. Kf3 Nxa2 48. Kg3 Nc1 49. b4 d4 50. Nf3 Ne2+ 51. Kh4 d3 52. Kxh5 Nd4
53. Nd2 Nc2 54. Kg5 Ke6 55. c5 bxc5 56. bxc5 Nd4 57. Kg6 Kd5 58. Kf6 Kxc5 59.
Ke5 Ne2 60. Kxf5 Kd6 61. Kg4 Nxf4 1/2-1/2

[Event "FIDE World Senior Team Championship 2020"]
[Site "Olympik hotel, Sokolovska 138,"]
[Date "2020.03.12"]
[Round "7.24"]
[White "Schiller, Dirk"]
[Black "Schutte, Andre"]
[Result "0-1"]
[WhiteElo "1747"]
[BlackElo "1827"]
[PlyCount "118"]
[EventDate "2020.03.06"]
[WhiteTeam "GER12"]
[BlackTeam "RSA"]

1. d4 Nf6 2. Nf3 g6 3. Bf4 Bg7 4. e3 O-O 5. c3 b6 6. Be2 Bb7 7. h3 c5 8. O-O d5
9. Nbd2 Nbd7 10. Bh2 Ne8 11. Qb3 Nc7 12. Nh4 e5 13. Nhf3 e4 14. Ne1 c4 15. Qd1
f5 16. f4 exf3 17. Bxf3 b5 18. Nc2 Nf6 19. a4 bxa4 20. Rxa4 Bc6 21. Ra2 Ne4 22.
Nb4 Bb7 23. Nxe4 fxe4 24. Bg4 a5 25. Bxc7 Qxc7 26. Be6+ Kh8 27. Rxf8+ Rxf8 28.
Nc2 Qb6 29. Bg4 Bh6 30. Qa1 Qf6 31. Qe1 Qd8 32. Qd2 Rf6 33. Ra1 Bf8 34. Rf1 Bc6
35. Rxf6 Qxf6 36. Qf2 Kg7 37. Qxf6+ Kxf6 38. Kf2 Bd6 39. Ne1 Ke7 40. Bd1 h6 41.
g4 g5 42. Kg2 Kd7 43. Kf2 Kc7 44. Kg2 Kb6 45. Kf2 a4 46. Nc2 a3 47. Nxa3 Bxa3
48. bxa3 Ka5 49. Ke1 Ba4 50. Be2 Bb3 51. Kd2 Ka4 52. Kc1 Kxa3 53. Kb1 Ba4 54.
Kc1 Ka2 55. Kd2 Kb2 56. Bf1 Bb3 57. Be2 Bc2 58. Bf1 Bd3 59. Bg2 Kb3 0-1

[Event "FIDE World Senior Team Championship 2020"]
[Site "Olympik hotel, Sokolovska 138,"]
[Date "2020.03.12"]
[Round "7.24"]
[White "Southey, Andrew M."]
[Black "Nowack, Achim"]
[Result "1-0"]
[WhiteElo "1781"]
[BlackElo "1725"]
[PlyCount "41"]
[EventDate "2020.03.06"]
[WhiteTeam "RSA"]
[BlackTeam "GER12"]

1. e4 g6 2. d4 Bg7 3. Be3 c5 4. c3 cxd4 5. Bxd4 Nf6 6. e5 Nh5 7. Nf3 Qa5 8.
Nbd2 Nc6 9. Nc4 Qc7 10. Qd2 Nxd4 11. cxd4 Bf8 12. Rc1 Qd8 13. Bd3 Ng7 14. O-O
e6 15. Ng5 f5 16. exf6 Qxf6 17. Ne4 Qd8 18. Ncd6+ Bxd6 19. Nxd6+ Ke7 20. Qg5+
Kxd6 21. Qc5# 1-0

[Event "FIDE World Senior Team Championship 2020"]
[Site "Olympik hotel, Sokolovska 138,"]
[Date "2020.03.12"]
[Round "7.24"]
[White "Berber, Theodor"]
[Black "Ohlson, Cecil"]
[Result "0-1"]
[WhiteElo "1586"]
[BlackElo "1643"]
[PlyCount "50"]
[EventDate "2020.03.06"]
[WhiteTeam "GER12"]
[BlackTeam "RSA"]

1. d4 d5 2. Bf4 c5 3. e3 Nc6 4. c3 Nf6 5. Nd2 Bf5 6. Be2 e6 7. Ngf3 h6 8. Ne5
Nxe5 9. dxe5 Nd7 10. Nf3 g5 11. Bg3 Bg7 12. h3 O-O 13. Bh2 Qc7 14. O-O Nxe5 15.
Kh1 f6 16. Qb3 Qf7 17. Rad1 c4 18. Qb4 Nd3 19. Bxd3 Bxd3 20. Rfe1 e5 21. Rd2
Rfc8 22. a4 Bf8 23. Qb5 Rc5 24. Qb4 Rc6 25. Qa5 a6 0-1

[Event "FIDE World Senior Team Championship 2020"]
[Site "Olympik hotel, Sokolovska 138,"]
[Date "2020.03.12"]
[Round "7.24"]
[White "Van Schaik, Michael"]
[Black "Dusper, Zdravko"]
[Result "1-0"]
[WhiteElo "1537"]
[BlackElo "1490"]
[PlyCount "37"]
[EventDate "2020.03.06"]
[WhiteTeam "RSA"]
[BlackTeam "GER12"]

1. e4 e5 2. Nf3 Nc6 3. Bb5 d6 4. d4 exd4 5. Nxd4 Bd7 6. Nxc6 Bxc6 7. Bd3 Nf6 8.
Nc3 Be7 9. O-O O-O 10. Be3 Qd7 11. h3 Rfe8 12. Bd4 a6 13. Re1 b5 14. Nd5 Nxd5
15. exd5 Bxd5 16. Qh5 f5 17. Bxf5 g6 18. Bxg6 hxg6 19. Qh8+ 1-0

[Event "FIDE World Senior Team Championship 2020"]
[Site "Olympik hotel, Sokolovska 138,"]
[Date "2020.03.12"]
[Round "7.25"]
[White "Chin, Francis Choy Wan"]
[Black "Sobotka, Jiri"]
[Result "1/2-1/2"]
[WhiteElo "1870"]
[BlackElo "1875"]
[PlyCount "44"]
[EventDate "2020.03.06"]
[WhiteTeam "MAS"]
[BlackTeam "CZE16"]

1. d4 d5 2. Nf3 Nf6 3. c4 dxc4 4. Nc3 e6 5. e3 c5 6. Bxc4 Be7 7. O-O O-O 8. Qe2
Nc6 9. Rd1 Qc7 10. a3 a6 11. dxc5 Bxc5 12. b4 Be7 13. Bb2 b5 14. Ba2 Bb7 15.
Rac1 Rac8 16. Ng5 Rfd8 17. Nce4 Nxe4 18. Nxe4 Rxd1+ 19. Qxd1 Qd8 20. f3 Qxd1+
21. Rxd1 Rd8 22. Rxd8+ Nxd8 1/2-1/2

[Event "FIDE World Senior Team Championship 2020"]
[Site "Olympik hotel, Sokolovska 138,"]
[Date "2020.03.12"]
[Round "7.25"]
[White "Feierfeil, Jiri"]
[Black "Muzzaffar, Ahmad"]
[Result "1/2-1/2"]
[WhiteElo "1721"]
[BlackElo "1815"]
[PlyCount "70"]
[EventDate "2020.03.06"]
[WhiteTeam "CZE16"]
[BlackTeam "MAS"]

1. d4 Nf6 2. c4 g6 3. Nc3 Bg7 4. e4 d6 5. f3 a6 6. Be3 c6 7. a4 a5 8. Bd3 Na6
9. Nge2 Nb4 10. Bb1 O-O 11. O-O Qc7 12. b3 e5 13. Qd2 Nd7 14. d5 Nc5 15. Nc1 f5
16. N3a2 Nxa2 17. Rxa2 fxe4 18. Bxe4 Nxe4 19. fxe4 Rxf1+ 20. Kxf1 Bg4 21. h3
Rf8+ 22. Kg1 Bc8 23. Qd1 Qe7 24. Rf2 Rxf2 25. Bxf2 Bh6 26. Nd3 c5 27. Qe1 b6
28. Bh4 Bg5 29. Bxg5 Qxg5 30. Kh2 Kg7 31. Qf2 h5 32. Qe1 Qf6 33. Qf2 Qg5 34.
Qe1 Qf6 35. Qf2 Qg5 1/2-1/2